00776cam a22002297a 4500001001000000003000500010005001700015008004100032010001000073011001000083035001000093040000900103100003900112245011900151260006000270300001000330490003900340501007300379650002500452650003000477830003900507000070785CHAP20220329141431.0971013s1987 r 00010 d a68056 a69028 a78502 cCHAP00aHerrera Castro, Natividad Delfina. 0aContribución al conocimiento de plantas medicinales en una Comunidad Guerrerense :b: un estudio etnobotánico. a[s.l.] :bUniversidad Autónoma de Guerrero,c[1987?]. a17 p. 0aSerie técnico científicav; 13 aEnc. con otro impreso similar, mosmo No. de Folleto 11294. Fotocopia14aBotánica médica.14aEtnobotánicaxGuerrero.0 aSerie técnico científicav; 13